000 00567cam a2200193 a 4500
001 000018087
005 20200929165340.0
008 751202s1961 fr a 000 0 fre d
040 _aDO-SdBNP
_bfre
_cLC
_dBNPHU
082 _a843.5
_bB198e
100 1 _aBalzac, Honore de,
_d1799-1850.
_913744
245 1 0 _aEugénie grandet /
_cH. de Balzac.
260 _aParis :
_bGarnier Frères,
_c1961.
300 _avii, 289 p. :
_bil. ;
_c19 cm.
650 4 _aNovela francesa
_91075
650 4 _aLiteratura francesa
_91074
910 _aCatalogación derivada
049 _aBNGR
999 _c17609
_d17609